<?xml version="1.0" encoding="UTF-8"?>
<record
    xmlns:xsi="http://www.w3.org/2001/XMLSchema-instance"
    xsi:schemaLocation="http://www.loc.gov/MARC21/slim http://www.loc.gov/standards/marcxml/schema/MARC21slim.xsd"
    xmlns="http://www.loc.gov/MARC21/slim">

  <leader>00658nam a22002057a 4500</leader>
  <datafield tag="999" ind1=" " ind2=" ">
    <subfield code="c">170115</subfield>
    <subfield code="d">170115</subfield>
  </datafield>
  <controlfield tag="005">20191211112440.0</controlfield>
  <datafield tag="010" ind1=" " ind2=" ">
    <subfield code="a">A-603711      A-374908</subfield>
  </datafield>
  <datafield tag="020" ind1=" " ind2=" ">
    <subfield code="c">8.00</subfield>
  </datafield>
  <datafield tag="035" ind1=" " ind2=" ">
    <subfield code="a">A-603711</subfield>
  </datafield>
  <datafield tag="035" ind1=" " ind2=" ">
    <subfield code="a">A-374908</subfield>
  </datafield>
  <datafield tag="037" ind1=" " ind2=" ">
    <subfield code="b">BPPD/Pub.</subfield>
  </datafield>
  <datafield tag="082" ind1=" " ind2=" ">
    <subfield code="a">362.29</subfield>
  </datafield>
  <datafield tag="100" ind1=" " ind2=" ">
    <subfield code="a">&#x62D;&#x633;&#x6CC;&#x646; &#x641;&#x627;&#x631;&#x648;&#x642;&#x6CC;</subfield>
  </datafield>
  <datafield tag="245" ind1=" " ind2=" ">
    <subfield code="a">&#x634;&#x631;&#x627;&#x628; &#x646;&#x648;&#x634;&#x6CC; &#x627;&#x648;&#x631; &#x645;&#x646;&#x634;&#x6CC;&#x627;&#x62A; &#x6A9;&#x6CC; &#x644;&#x62A; /</subfield>
    <subfield code="c">&#x62D;&#x633;&#x6CC;&#x646; &#x641;&#x627;&#x631;&#x648;&#x642;&#x6CC;</subfield>
  </datafield>
  <datafield tag="246" ind1=" " ind2=" ">
    <subfield code="a">Sharab Noshi aur Munshiyat ki Lat (Urdu) /</subfield>
    <subfield code="b">by Hussain Farooqi</subfield>
  </datafield>
  <datafield tag="260" ind1=" " ind2=" ">
    <subfield code="a">New Delhi</subfield>
    <subfield code="b">Taraqqi Urdu Bureau</subfield>
    <subfield code="c">1989</subfield>
  </datafield>
  <datafield tag="270" ind1=" " ind2=" ">
    <subfield code="a">West Block 8 R. K. Puram</subfield>
    <subfield code="b">New Delhi</subfield>
    <subfield code="e">110066</subfield>
  </datafield>
  <datafield tag="300" ind1=" " ind2=" ">
    <subfield code="a">99p.</subfield>
    <subfield code="c">20cm(Hb)</subfield>
  </datafield>
  <datafield tag="942" ind1=" " ind2=" ">
    <subfield code="2">ddc</subfield>
    <subfield code="c">UR</subfield>
    <subfield code="h">362.29</subfield>
    <subfield code="m">&#x641; &#x627; &#x631;</subfield>
  </datafield>
  <datafield tag="952" ind1=" " ind2=" ">
    <subfield code="0">0</subfield>
    <subfield code="1">0</subfield>
    <subfield code="4">0</subfield>
    <subfield code="7">0</subfield>
    <subfield code="8">NFIC</subfield>
    <subfield code="a">L</subfield>
    <subfield code="b">L</subfield>
    <subfield code="d">2019-12-11</subfield>
    <subfield code="e">BPPD/Ven.</subfield>
    <subfield code="g">8.00</subfield>
    <subfield code="l">0</subfield>
    <subfield code="o">362.29 &#x641; &#x627; &#x631;</subfield>
    <subfield code="p">A-603711</subfield>
    <subfield code="r">2019-12-11 00:00:00</subfield>
    <subfield code="t">1</subfield>
    <subfield code="v">8.00</subfield>
    <subfield code="w">2019-12-11</subfield>
    <subfield code="y">UR</subfield>
  </datafield>
  <datafield tag="952" ind1=" " ind2=" ">
    <subfield code="0">0</subfield>
    <subfield code="1">0</subfield>
    <subfield code="4">0</subfield>
    <subfield code="7">0</subfield>
    <subfield code="8">NFIC</subfield>
    <subfield code="a">L</subfield>
    <subfield code="b">L</subfield>
    <subfield code="d">2019-12-11</subfield>
    <subfield code="e">BPPD/Ven.</subfield>
    <subfield code="g">8.00</subfield>
    <subfield code="l">0</subfield>
    <subfield code="o">362.29 &#x641; &#x627; &#x631;</subfield>
    <subfield code="p">A-374908</subfield>
    <subfield code="r">2019-12-11 00:00:00</subfield>
    <subfield code="t">1</subfield>
    <subfield code="v">8.00</subfield>
    <subfield code="w">2019-12-11</subfield>
    <subfield code="y">UR</subfield>
  </datafield>
</record>
